Logo BPK

Biblioteka

Politechniki Koszalińskiej

Handbuch der Betonprufung : (Rekord nr 26313)

Szczegóły MARC
000 -ETYKIETA REKORDU
podpole kontrolne o stałej długości 00486nam a2200157 i 4500
001 - NUMER KONTROLNY REKORDU
pole kontrolne bg
040 ## - ŹRÓDŁO KATALOGOWANIA
Instytucja, która utworzyła rekord BPK
041 ## - KOD JĘZYKA
Kod języka tekstu pol
008 - POLE O STAŁEJ DŁUGOŚCI - DANE KONTROLNE
podpole kontrolne o stałej długości s pl f |000 0 pol
100 1# - NAZWA OSOBOWA
Nazwa osobowa IKON, Hans W.
245 #0 - TYTUŁ/ODPOWIEDZIALNOŚĆ
Tytuł Handbuch der Betonprufung :
Ciąg dalszy tytułu 81 Prulungsanleitungen mit Beispielen nach den neuesten Normen und Richtlinieh /
Pozostałe elementy strefy tytułu i oznaczenia odpowiedzialności Hans R. Ikon, Roman R. Lackner, Uwe P. Zimmer.
260 ## - STREFA ADRESU WYDAWNICZEGO
Miejsce wydania Dusseldorf,
Data publikacji, dystrybucji/powstania dokumentu 1972.
700 1# - HASŁO DODATKOWE - NAZWA OSOBOWA
Nazwa osobowa LACKNER, Roman R.
700 1# - HASŁO DODATKOWE - NAZWA OSOBOWA
Nazwa osobowa ZIMMER, Uwe P.
856 ## - LOKALIZACJA I DOSTĘP DO ELEKTRONICZNYCH DOKUMENTÓW ZDALNYCH
Link (URL) http://koha.tu.koszalin.pl/cgi-bin/koha/opac-detail.pl?biblionumber=26313
Tekst linku Katalog online BPK
942 ## - DODATKOWE ELEMENTY (KOHA)
Typ dokumentu Książka
Egzemplarze
Wycofany Status egzemplarza Uszkodzony Dostępność Lokalizacja stała Lokalizacja bieżąca Miejsce przechowywania Sygnatura Kod kreskowy Typ dokumentu
      Dostępny Biblioteka Politechniki Koszalińskiej Biblioteka Politechniki Koszalińskiej Wypożyczalnia BG 17551 01713244 Książka
© 2023 Biblioteka Politechniki Koszalińskiej :: KOHA